000
00302nam a22001337a 4500
008
170418b xxu||||| |||| 00| 0 eng d
020
_a
01693867903200330769182010
041
_a
eng
080
_a
573
100
_a
11
101
_a
SHM
245
_a
BIOLOGY & PHILOSOPHY
_c
HALL. B.K
942
_2
udc
_c
BK
999
_c
10992
_d
10992